| 000 | 00693nam a22001817a 4500 | ||
|---|---|---|---|
| 999 |
_c102065 _d102065 |
||
| 005 | 20200211145408.0 | ||
| 010 | _aENG-127798-801 | ||
| 020 |
_a9789380077475 (4 vol-7 to 10) _c500.00 (Set of 4 vols ) |
||
| 035 | _aEN-111330-333 | ||
| 037 | _bDBAD/PUB | ||
| 082 | _a239.64 | ||
| 245 |
_aA treasury of mystic terms: _cby John Davidson _bPart II Spiritual guides & practitioners/ |
||
| 260 |
_aNew Delhi _bScience Of The Soul Research Center _c2016 |
||
| 270 |
_aGuru Ravi Dass Marg, Pusha Road _bNew Delhi _e110005 |
||
| 300 |
_aSet of 4vols (lviii,540p,;xxviii,571p.;xxviii,572p.;xxvii,540p. _c24cm (Hb) |
||
| 700 | _aDavidson,John | ||
| 942 |
_2ddc _cEN _h239.64 _mDAV |
||